[Event "Mallorca-ch 0102 Preferente"]
[Site "Palma de Mallorca"]
[Date "2001.10.27"]
[Round "3"]
[White "Gonzalez Marquez, Arturo"]
[Black "Galiana Salom, Juan Ramon"]
[Result "0-1"]
[WhiteElo "2116"]
[BlackElo "2235"]
[PlyCount "78"]
[EventDate "2001.10.06"]
[EventType "swiss"]
[EventRounds "7"]
[EventCountry "ESP"]
[SourceTitle "EXT 2003"]
[Source "ChessBase"]
[SourceDate "2002.11.25"]
[SourceVersion "1"]
[SourceVersionDate "2002.11.25"]
[SourceQuality "1"]

1. e4 e6 2. d4 d5 3. exd5 exd5 4. Bd3 Nf6 5. h3 c5 6. Nf3 c4 7. Be2 Nc6 8. 0-0 Be7 9. Re1 0-0 10. Nbd2 h6 11. c3 Bf5 12. Nf1 Qc7 13. Ne3 Bh7 14. Nh2 Rad8 15. Nhg4 Ne4 16. Bf3 f5 17. Bxe4 dxe4 18. Nh2 Ne5 19. Qa4 Nd3 20. Re2 Bg5 21. h4 Bxe3 22. fxe3 Rf6 23. b3 Rc6 24. Bd2 Bg6 25. Be1 Bf7 26. b4 Ra6 27. Qc2 Ra3 28. Nf1 b5 29. Bg3 Qe7 30. Nd2 Bh5 31. Nb1 Ra4 32. Rd2 Bg4 33. Rf2 g5 34. hxg5 hxg5 35. Nd2 Ra3 36. Nb1 Ra6 37. Be5 Rh6 38. g3 Qh7 39. Rh2 Nxe5 0-1